000 00976cab a2200217 4500
001 ABS68780
008 050209n2005 000 0 eng u
035 _a(Sirsi) u128741
100 _aSimpkins, E.
245 _aTransport in the 21st century
260 _c2005
490 _aRICS Business
_vFebruary 2005, 14-17(4)
520 _aAsks whether the government strategic commitment to building more transport infrastructure as outlined in its White Paper "The future of transport" (ISBN 0101623429) is sufficient to solve the road congestion problem or must universal road pricing be introduced. Looks at the local effectiveness of light rail and tram schemes, comments on transport development as a driver of regeneration and notes RICS work on transport development zones.
590 _aABS
650 _aTRANSPORT INFRASTRUCTURE
650 _aLIGHT RAIL
650 _aTRAMS
650 _aTRANSPORT POLICY
690 _aTRANSPORT AND COMMUNICATIONS
942 _n0
999 _c74783
_d74783